01010nam a2200277Ia 450000500170000000800410001702000340005802000300009210000320012224500860015425000360024030000250027649000250030160000590032665000450038565000470043065000350047765000330051270000330054526400200057833600270059833700330062533800280065804000350068608400110072120220317001352.0161108s9999 sp g 000 0 spa  a9788420697314 (obra completa) a9788420674186 (volumen 1)1 aPoe, Edgar Alland1809-184910aCuentos, 1cEdgar Allan Poe ; prólogo, traducción y notas de Julio Cortázar a3a. ediciónb4a reimpresión a637 páginasc18 cm aEl libro de bolsillo14aPoe, Edgar Alland1809 -1849xCritica e interpretacion142LEMBaCuentos estadounidenses ySiglo XX142LEMBaLiteratura estadounidense ySiglo XX142LEMBaTerror en la literatura 142LEMB aCuentos policíacos 1 aCortázar, Juliod1914-1984 aMadridbAlianza atextobtxt2rdacontent asin mediaciónbn2rdamedia avolumenbnc2rdacarrier aCO-BoRNBPbspaerdacCO-BoRNBP aC POE4